000 00746nam0a22002651 4500
001 RU\NLR\INFOCOMM18\ROSSICA\1000009859
005 20250613193630.0
035 _a(NLR Aleph) 009976910
090 _a9675456
_c9675456
100 _a20030623d1868 |||y0rusy50 ca
101 0 _ager
102 _aRU
105 _ay ||||000ay
200 1 _aNachträgliche Beobachtungen über Peziza Kauffmanniana
_fWlad. Tikhomiroff (Tychomirow)
210 _aMoskau
_d1868
215 _d
700 1 _9z01790
_aTychomirow
_bW.
_gWlad.
_4070
790 1 _9z01700
_aTikhomiroff
_bW.
_gWlad.
_4070
801 1 _aRU
_bInfoComm
_c20030623
801 0 _aRU
_bNLR
_gPSBO
852 _aNLR
_j13.21.3.565
942 _cBOOK
980 _aNB
980 _aRossica